000 00916nam a22002535i 4500
001 176583
003 ES-MaACL
005 20230906220127.0
008 110125s1953 sp a |||| | spa d
080 _a821.134.2-22"19"
100 1 _aÁlvarez Quintero, Serafín,
_d1871-1938
_9226443
245 1 0 _aDoña Clarines
_b: comedia en dos actos /
_cde Serafín y Joaquín Álvarez Quintero.
260 _aMadrid :
_b[s. n.,
_c1953?]
300 _a54 p. ;
_c17 cm.
490 1 _aBiblioteca teatral ;
_v168
500 _aAnteportada ilustrada.
500 _aEn port. : Estrenada el día 5 de noviembre de 1909 en el Teatro Lara, de Madrid.
500 _aEncuadernado con otros títulos.
597 _aEn el lomo: 168-173.
700 1 _aÁlvarez Quintero, Joaquín,
_d1873-1944
_920922
830 0 _aBiblioteca teatral ;
_v168
_9190120
852 _aES-MaACL
_jE-14128 (168)
_xOlim P-302
999 _c176583
_d176583